[Event "Biel schev"]
[Site "Biel"]
[Date "1987.??.??"]
[Round "?"]
[White "Cramling, Pia"]
[Black "Huss, Andreas"]
[Result "1/2-1/2"]
[WhiteElo "2455"]
[BlackElo "2375"]

1.d4 e6 2.Nf3 Nf6 3.c4 b6 4.a3 Bb7 5.Nc3 d5 6.cxd5 exd5 7.Bf4 Be7 8.e3 O-O
9.Bd3 c5 10.Rc1 c4 11.Bb1 a6 12.Ne5 b5 13.Qf3 Nc6 14.Qh3 g6 15.Bh6 Re8 16.f4 Ne4
17.O-O Nxe5 18.fxe5 Nxc3 19.Rxf7 Bc8 20.e6 Bh4 21.Rcf1 Ne2+ 22.Kh1 Bxe6 23.Rf8+ Rxf8
24.Qxe6+ Kh8 25.Rxf8+ Qxf8 26.Bxf8 Rxf8 27.g3 Rf1+ 28.Kg2 Rxb1 29.Qf7 h5
30.Qxg6 Rxb2 31.Qxh5+ Kg8 32.Qxh4 c3 33.Qg5+ Kf8 34.Qd8+ Kg7 35.Qe7+ Kg8
36.Qe8+ Kg7 37.Qe5+ Kf8 38.Qb8+ Ke7 39.Qa7+ Kd8 40.Qb8+ Kd7 41.Qb7+ Ke6  1/2-1/2

[Event "Noviki-A"]
[Site "Budapest"]
[Date "1987.??.??"]
[Round "?"]
[White "Gurevich, Mikhail"]
[Black "Farago, Ivan"]
[Result "1/2-1/2"]
[WhiteElo "2515"]
[BlackElo "2475"]

1.d4 Nf6 2.c4 e6 3.Nf3 b6 4.a3 Ba6 5.Qc2 Bb7 6.Nc3 c5 7.e4 cxd4 8.Nxd4 Bc5
9.Nb3 Nc6 10.Bg5 Be7 11.Be2 a6 12.Bf4 d6 13.O-O Rc8 14.Rac1 O-O 15.Rfd1 Qc7
16.Qb1 Ne5 17.Nd2 Qb8 18.b4 Nfd7 19.Be3 g5 20.f3 Bf6 21.Bf1 h6 22.Ne2 Ng6
23.Qb3 Bc6 24.Kh1 Bg7 25.Bd4 Nde5 26.b5 axb5 27.cxb5 Ba8 28.Nc4 Nxc4 29.Rxc4 d5
30.Rxc8 Rxc8 31.Bxg7 Kxg7 32.exd5 Bxd5 33.Qe3 Bc4 34.Ng3 Bxf1 35.Rxf1 Nf4
36.Qd4+ Kg6 37.Ne4 Nd5 38.Re1 Qf4 39.Qd3 Kg7 40.Qd4+ Kg8 41.Qb2 Rc4 42.Nd2 Rc3
43.Ne4 Rc4 44.Nd2 Rc3 45.Ne4  1/2-1/2

[Event "Budapest"]
[Site "Budapest"]
[Date "1987.??.??"]
[Round "4"]
[White "Vegh, Endre"]
[Black "Farago, Ivan"]
[Result "1-0"]
[WhiteElo "2375"]
[BlackElo "2535"]

1.d4 Nf6 2.c4 e6 3.Nf3 b6 4.a3 c5 5.d5 exd5 6.cxd5 g6 7.Nc3 Bg7 8.g3 O-O
9.Bg2 d6 10.O-O Nbd7 11.Bf4 Qe7 12.h3 h6 13.e4 Nh5 14.Bd2 Kh7 15.Kh2 a6 16.Re1 Bb7
17.Qc2 Rac8 18.a4 c4 19.Bf1 Rc7 20.Rad1 Rd8 21.Be3 Rcc8 22.Nd2 Nc5 23.Nxc4 Qc7
24.Bd4 Bxd4 25.Rxd4 Nd7 26.Rd2 Qc5 27.Qd1 Ng7 28.Qf3 f6 29.Ne3 Qb4 30.h4 Rf8
31.Bh3 Ne5 32.Qe2 Rce8 33.f4 Nf7 34.Qc4 Qc5 35.b4 Qxc4 36.Nxc4 Re7 37.Nxb6 f5
38.Rde2 Rc7 39.Re3 fxe4 40.Nxe4 Nf5  1-0

[Event "Budapest"]
[Site "Budapest"]
[Date "1987.??.??"]
[Round "5"]
[White "Farago, Ivan"]
[Black "Lau, Ralf"]
[Result "1-0"]
[WhiteElo "2535"]
[BlackElo "2535"]

1.d4 Nf6 2.c4 e6 3.Nf3 b6 4.a3 Bb7 5.Nc3 d5 6.cxd5 Nxd5 7.Qc2 Be7 8.e4 Nxc3
9.bxc3 O-O 10.Bd3 c5 11.O-O Nc6 12.Bb2 cxd4 13.cxd4 Rc8 14.Qe2 Na5 15.Rad1 Bf6
16.Rfe1 Rc7 17.Rc1 Rxc1 18.Rxc1 g6 19.Rd1 Bg7 20.h4 Qd6 21.h5 Rc8 22.Bb5 Qf4
23.d5 Bxb2 24.Qxb2 exd5 25.exd5 Rd8 26.Rd4 Qf6 27.h6 g5 28.Qe2 Qxh6 29.Qe7 Qd6
30.Qxg5+ Kf8 31.Bc6 h6 32.Qe3 Rc8 33.Ne5 Rc7 34.Nd7+ Rxd7 35.Bxd7 Qxd7 36.Qxh6+ Ke7
37.Re4+ Kd8 38.Qf8+ Kc7 39.Re7  1-0

[Event "Budapest"]
[Site "Budapest"]
[Date "1987.??.??"]
[Round "11"]
[White "Farago, Ivan"]
[Black "Zsinka, Laszlo"]
[Result "1/2-1/2"]
[WhiteElo "2535"]
[BlackElo "2320"]

1.d4 Nf6 2.c4 e6 3.Nf3 b6 4.a3 Bb7 5.Nc3 g6 6.Qc2 c5 7.e4 cxd4 8.Nxd4 Bg7
9.Be2 O-O 10.Bg5 h6 11.Be3 a6 12.O-O Qc7 13.Rac1 d6 14.f3 Nbd7 15.Qd2 Kh7
16.Rfd1 Rad8 17.Qe1 Qb8 18.b4 Rfe8 19.Qf2 Rc8 20.Nb3 Ba8 21.Bf4 Bf8 22.Bf1 g5
23.Be3 Bg7 24.Bd4 Kg8 25.Na4 b5 26.Ba7 Qb7 27.Na5 Qc7 28.Bb6 Qb8 29.cxb5 Nxb6
30.Qxb6 Rxc1 31.Rxc1 Nxe4 32.Nb3 Bd5 33.Qxb8 Rxb8 34.fxe4 Bxb3 35.Nc3 axb5
36.Nxb5 Ra8 37.Bd3 d5 38.exd5 Bxd5 39.Rc7 Be5 40.Rc5 Bb2 41.Bf1 Bxa3 42.Nc7 Rc8
43.Nxd5 Rxc5 44.bxc5 Bxc5+ 45.Kh1 exd5 46.g4 f5 47.gxf5 Kg7 48.Kg2 Kf6 49.Bd3 h5
50.h3 g4 51.hxg4 hxg4 52.Bc2 Kg5 53.Bb1 Bd6 54.Bc2 Be5 55.Bd3 Kf4 56.Bc2 d4
57.Bb1 Bf6 58.Bc2 Bg7 59.Bb1 Be5 60.Bc2 Ke3 61.f6  1/2-1/2

[Event "HUN-ch op"]
[Site "Eger"]
[Date "1987.??.??"]
[Round "?"]
[White "Farago, Sandor"]
[Black "Enders, Peter"]
[Result "0-1"]
[WhiteElo "2285"]
[BlackElo "2405"]

1.d4 Nf6 2.c4 e6 3.Nf3 b6 4.a3 c5 5.Nc3 cxd4 6.Nxd4 Bb7 7.Bg5 a6 8.Qd3 Qc7
9.e3 d6 10.O-O-O Nbd7 11.Qc2 Be7 12.f4 Rc8 13.Kb1 Nc5 14.Bxf6 Bxf6 15.Ndb5 axb5
16.Nxb5 Qb8 17.Nxd6+ Ke7 18.b4 Rcd8 19.bxc5 bxc5 20.Nb5 Rxd1+ 21.Qxd1 Rd8
22.Qc1 g5 23.Be2 Bxg2 24.Rd1 gxf4 25.Rxd8 Qxd8 26.exf4 Be4+ 27.Ka2 Bc6 28.Qd1 Qxd1
29.Bxd1 Bg7 30.Bc2 f5 31.Ba4 Bh6 32.Nc3 Bxa4 33.Nxa4 Kd6 34.Nc3 Bxf4 35.h3 Be5
36.Nb5+ Kc6 37.Kb3 Bd4 38.Kc2 e5 39.Kd2 e4 40.a4 f4 41.a5 f3 42.Ke1 e3  0-1

[Event "HUN-ch op"]
[Site "Eger"]
[Date "1987.??.??"]
[Round "?"]
[White "Gurevich, Mikhail"]
[Black "Ilincic, Zlatko"]
[Result "1-0"]
[WhiteElo "2540"]
[BlackElo "2490"]

1.d4 Nf6 2.c4 e6 3.Nf3 b6 4.a3 Bb7 5.Nc3 d5 6.cxd5 Nxd5 7.Qc2 Nxc3 8.Qxc3 Nd7
9.Bg5 Qc8 10.Rc1 Bd6 11.e3 O-O 12.Bb5 Nb8 13.O-O a6 14.Bd3 Nd7 15.Nd2 Qb8
16.Be4 c5 17.Bxb7 Qxb7 18.dxc5 bxc5 19.Nc4 Bb8 20.Rfd1 f6 21.Bf4 e5 22.Bg3 Rd8
23.Qc2 Bc7 24.f3 Nf8 25.Be1 Rxd1 26.Rxd1 Rd8 27.Rxd8 Bxd8 28.Kf2 Bc7 29.Qd3 Qc6
30.Ba5 Ne6 31.Bxc7 Nxc7 32.Ke2 Ne6 33.Kd2 g6 34.Qb3 e4 35.f4 Kg7 36.Kc2 Qd7
37.Nd2 f5 38.Nc4 g5 39.Ne5 Qd6 40.Qb7+ Nc7 41.g3 g4 42.Kc1  1-0

[Event "Espergaerde"]
[Site "Espergaerde"]
[Date "1987.??.??"]
[Round "5"]
[White "Hansen, Lars Bo"]
[Black "Rodgaard, John"]
[Result "1/2-1/2"]
[WhiteElo "2355"]
[BlackElo "2365"]

1.d4 e6 2.Nf3 Nf6 3.c4 b6 4.a3 Bb7 5.Nc3 d5 6.cxd5 Nxd5 7.Qa4+ Nd7 8.Nxd5 Bxd5
9.Qc2 c5 10.e4 Bb7 11.d5 exd5 12.exd5 Bd6 13.Bg5 Qc7 14.Bc4 O-O 15.O-O Ne5  1/2-1/2

[Event "Arnold Cup"]
[Site "Gausdal"]
[Date "1987.??.??"]
[Round "?"]
[White "Wegner, Hannu"]
[Black "Welin, Thomas"]
[Result "0-1"]
[WhiteElo "2345"]
[BlackElo "2400"]

1.d4 Nf6 2.Nf3 e6 3.c4 b6 4.a3 Bb7 5.Nc3 Ne4 6.Nxe4 Bxe4 7.e3 Be7 8.Bd3 d5
9.O-O O-O 10.b3 Nd7 11.Bb2 f5 12.Re1 Bd6 13.Bf1 dxc4 14.bxc4 Qe7 15.Nd2 Bb7
16.Qb3 c5 17.a4 Nf6 18.f3 Bxh2+ 19.Kxh2 Ng4+ 20.Kg3 f4+ 21.exf4 Qf6 22.Kxg4 Qxf4+
23.Kh3 Qxd2 24.dxc5 Bxf3 25.gxf3 Qf2 26.Re3 Rf4  0-1

[Event "Hamburg-ch"]
[Site "Hamburg"]
[Date "1987.??.??"]
[Round "?"]
[White "Hegeler, Frank"]
[Black "Rhodin, Christian"]
[Result "0-1"]
[WhiteElo "2255"]
[BlackElo "2295"]

1.d4 Nf6 2.c4 e6 3.Nf3 b6 4.a3 c5 5.d5 Ba6 6.Qc2 exd5 7.cxd5 g6 8.Nc3 d6
9.g3 Bg7 10.Bg2 O-O 11.O-O b5 12.b4 Nbd7 13.Bf4 Qb6 14.h3 Rac8 15.Rac1 Qc7
16.Qa2 Nb6 17.g4 Nc4 18.Nd2 Nxd2 19.Qxd2 Rfe8 20.Qd3 Nd7 21.Ne4 c4 22.Qg3 Ne5
23.h4 Bb7 24.Nc3 a6 25.h5 Qe7 26.hxg6 fxg6 27.g5 Rc7 28.Be4 Bc8 29.f3 Rf8
30.Kg2 Bf5 31.Bd2 Rcc8 32.Rh1 Rf7 33.Rh4 Rcf8 34.Rch1 Bh8 35.Qh2 h5 36.gxh6 Kh7
37.Bxf5 Rxf5 38.Ne4 Bf6 39.Rf4 Rxf4 40.Bxf4 Ng4 41.Qh3 Ne5 42.Qg3 Rf7 43.Bg5 Nd7
44.Bxf6 Rxf6 45.Ng5+ Kh8 46.Ne6 Nf8 47.Nf4 Qe5 48.Rh4 g5 49.Rg4 Rxf4 50.Rxg5 Qxe2+
51.Kh3 Rxf3  0-1

[Event "Hamburg-ch"]
[Site "Hamburg"]
[Date "1987.??.??"]
[Round "?"]
[White "Hegeler, Frank"]
[Black "Rosin, Wolfgang"]
[Result "1-0"]
[WhiteElo "2255"]
[BlackElo "2235"]

1.d4 Nf6 2.Nf3 e6 3.c4 b6 4.a3 Bb7 5.Nc3 Be7 6.d5 O-O 7.e4 exd5 8.exd5 Re8
9.Be2 d6 10.O-O Nbd7 11.Re1 Bf8 12.Qc2 a6 13.Bg5 g6 14.b4 Bg7 15.Qd2 Qc8
16.Bd3 Rxe1+ 17.Rxe1 Qf8 18.h3 Re8 19.Rb1 Ne5 20.Be2 Nxf3+ 21.Bxf3 Nd7 22.a4 h6
23.Be3 Kh7 24.a5 bxa5 25.b5 Qh8 26.Na4 axb5 27.Qxa5 Ra8 28.Qxb5 Bc8 29.c5 Ne5
30.Be4 Ba6 31.Qb4 Bd3 32.Bxd3 Nxd3 33.Qb5 Qc8 34.cxd6 Qf5 35.dxc7 Nf4 36.Nb6 Ra2
37.c8=Q Qe4 38.Qg4 Ne2+ 39.Kh1 Qc2 40.Qb3 Qxb3 41.Rxb3 Ra1+ 42.Kh2 Be5+ 43.g3 Ng1
44.Kg2 f5 45.Qh4 Bg7 46.Qe7 Re1 47.Nc4 f4 48.gxf4 Ne2 49.Rb7 Nxf4+ 50.Bxf4 Rxe7
51.Rxe7  1-0

[Event "Hameln Voba"]
[Site "Hameln"]
[Date "1987.??.??"]
[Round "?"]
[White "Meyer, Peter"]
[Black "Lautier, Joel"]
[Result "0-1"]
[WhiteElo "2300"]
[BlackElo "2290"]

1.d4 Nf6 2.Nf3 e6 3.c4 b6 4.a3 Bb7 5.Nc3 d5 6.cxd5 Nxd5 7.e3 g6 8.Bb5+ c6
9.Bd3 Bg7 10.h4 O-O 11.h5 c5 12.Ne4 cxd4 13.exd4 Nc6 14.hxg6 hxg6 15.Nfg5 f5
16.Qf3 fxe4 17.Qxe4 Qf6 18.Qh4 Rfd8 19.Qh7+ Kf8 20.Ne4 Qxd4 21.Rh3 Ne5 22.Bc2 Nb4
23.axb4 Bxe4 24.Bh6 Bxc2 25.Qxg7+ Ke8 26.Kf1 Nf7 27.Qf8+ Kd7 28.Qxf7+ Kd6
29.Bf4+ e5 30.Qf6+ Kd5 31.Be3 Qxb4 32.Rc1 Rf8 33.Qg7 Qc4+ 34.Kg1 Qc6 35.f4 exf4
36.Qd4+ Ke6 37.Bxf4 Qc5 38.Re3+ Kf7 39.Qd7+ Kg8 40.Qg4 Rae8 41.Kh2 Rxe3 42.Bxe3 Qxe3
43.Rxc2 Qe5+ 44.Kg1 Kg7 45.Re2 Qc5+ 46.Kh2 Rf5 47.Qe4 Rh5+ 48.Kg3 Rg5+ 49.Kh2 Qc7+
50.Kg1 Qc1+ 51.Kh2 Qc7+ 52.Kg1 Qc1+ 53.Kh2 Rh5+ 54.Kg3 Qg5+ 55.Kf2 Qf5+ 56.Qxf5 Rxf5+
57.Kg3 Kf6 58.Kg4 a5 59.g3 Rb5 60.Rf2+ Ke6 61.Re2+ Re5 62.Rd2 Rd5 63.Rf2 a4
64.Rf4 b5 65.Rf2 Kd6 66.Rc2 Rc5 67.Rd2+ Kc6 68.Kf4 b4 69.Ke4 Kb5 70.Kd4 Rg5
71.Rd3 Rg4+ 72.Kd5 Rc4 73.Rd2 b3 74.Rh2 Rc2 75.Rh8 Rd2+  0-1

[Event "Hameln Voba"]
[Site "Hameln"]
[Date "1987.??.??"]
[Round "?"]
[White "Meyer, Peter"]
[Black "Adrian, Claude"]
[Result "1/2-1/2"]
[WhiteElo "2300"]
[BlackElo "2355"]

1.d4 e6 2.c4 Nf6 3.Nf3 b6 4.a3 c5 5.d5 Ba6 6.Qc2 exd5 7.cxd5 g6 8.Nc3 Bg7
9.e4 Bxf1 10.Kxf1 d6 11.g3 O-O 12.Kg2 Re8 13.Re1 a6 14.a4 Ra7 15.Bf4 Rae7
16.Re2 Qc7 17.Rae1 Nbd7 18.h3 c4 19.Nd4 Nc5 20.Nc6 Nd3 21.Nxe7+ Qxe7 22.Bd2 Nxe1+
23.Rxe1 Nd7 24.Na2 b5 25.Nb4 Nc5 26.axb5 axb5 27.f4 Qb7 28.Bc3 Bxc3 29.bxc3 f5
30.e5 Nd3 31.Rd1 dxe5 32.Nxd3 Qxd5+ 33.Kh2 cxd3 34.Rxd3 Qc4 35.fxe5 Rxe5
36.Qd2 Qe4 37.Rd8+ Kg7 38.Rd7+ Re7 39.h4 Qe5 40.Rxe7+ Qxe7 41.Qd4+ Qf6 42.Qd7+ Kh6
43.Qd2+ g5 44.hxg5+ Qxg5 45.Qd6+ Kh5 46.Qd7 Kg6 47.Qe8+ Kg7  1/2-1/2

[Event "POL-chT"]
[Site "Jachranka"]
[Date "1987.??.??"]
[Round "5"]
[White "Grossmann, Ryszard"]
[Black "Ksieski, Zbigniew"]
[Result "1/2-1/2"]
[WhiteElo "2300"]
[BlackElo "2365"]

1.d4 Nf6 2.Nf3 b6 3.c4 e6 4.a3 Ba6 5.e3 c5 6.Nc3 Be7 7.Be2 O-O 8.O-O d5 9.cxd5 Bxe2
10.Qxe2 Nxd5 11.Nxd5 exd5 12.e4 Nc6 13.dxc5 bxc5 14.exd5 Qxd5 15.Be3 Qe6
16.Qc2 Rac8 17.Rac1 Rfd8 18.Rfe1 Rd5 19.Qa4 h6 20.h3 Qd7 21.Rc4 Rf5 22.Rd1 Qb7
23.Qc2 Rxf3 24.gxf3 Ne5 25.Qe4 Nxf3+ 26.Kh1 Qxe4 27.Rxe4 Bf6 28.b3 Rb8 29.Rb1 Bd4
30.Rf4 Bxe3 31.Rxf3 Bd4 32.Rc1 a5 33.Rc4 Kf8 34.Ra4 Rb5 35.Kg2 Ke7 36.Rf5 Ke6
37.Rf3 f5 38.Rd3 Ke5 39.Kf3 g5 40.Ke2 h5 41.Rc4 g4 42.hxg4 fxg4 43.b4 axb4
44.axb4 h4 45.bxc5 Bxc5 46.Rxg4 Rb2+ 47.Kd1 Bxf2 48.Rg2 Ra2 49.Kc1 Kf4 50.Kd1 Ke4
51.Rh3 Ra1+ 52.Ke2 Bg3  1/2-1/2

[Event "Jakarta zt"]
[Site "Jakarta"]
[Date "1987.??.??"]
[Round "?"]
[White "Takemoto, Hiroshi"]
[Black "Ardiansyah, Haji"]
[Result "0-1"]
[WhiteElo "2210"]
[BlackElo "2425"]

1.Nf3 Nf6 2.c4 e6 3.d4 b6 4.a3 Bb7 5.Nc3 d5 6.cxd5 exd5 7.Bg5 Be7 8.Bxf6 Bxf6
9.e3 O-O 10.Bd3 c5 11.O-O g6 12.dxc5 bxc5 13.Rc1 Nd7 14.b4 Bg7 15.Bb5 d4
16.bxc5 Bxf3 17.gxf3 dxc3 18.Qxd7 Qg5+ 19.Kh1 Qxc5 20.a4 Rac8 21.Rc2 Rfd8
22.Qg4 Rd2 23.Rfc1 Rxc2 24.Rxc2 Rd8 25.h4 Rd2 26.Qe4 Bf6 27.Bd3 Kg7 28.Kg2 Rd1
29.Bc4 Ra1 30.Bb3 Ra3 31.Ba2 a5 32.Bd5 h5 33.Kh3 Ra1 34.Kg2 Qb4 35.Ba2 Qd6
36.Bd5 Qd7 37.Ra2 Rc1 38.Bb3 Qd8 39.Qc4 Qe7 40.Rc2 Rb1 41.Qd5 Qc7 42.f4 Bxh4
43.f5 Bf6 44.fxg6 fxg6 45.f4 Kh6 46.Qe6 Qd8 47.Rf2 Bh4 48.Bc2 Rb6  0-1

[Event "Jakarta zt"]
[Site "Jakarta"]
[Date "1987.??.??"]
[Round "?"]
[White "Mascarinas, Rico"]
[Black "Dive, Russell John"]
[Result "1-0"]
[WhiteElo "2425"]
[BlackElo "2235"]

1.d4 Nf6 2.c4 e6 3.Nf3 b6 4.a3 Bb7 5.Nc3 Be7 6.d5 O-O 7.g3 d6 8.Bg2 c5 9.O-O exd5
10.Nh4 Qd7 11.cxd5 Ne8 12.Nf3 b5 13.e4 Bf6 14.Re1 b4 15.axb4 cxb4 16.Na4 Qe7
17.Qb3 a5 18.Nb6 Ra6 19.Be3 Qd8 20.Na4 Nd7 21.Rac1 Ra8 22.Nd4 Bxd4 23.Bxd4 Rc8
24.Rxc8 Bxc8 25.f4 Nc7 26.e5 Nb5 27.Bf2 Qc7 28.e6 Nc5 29.Nxc5 dxc5 30.Qc4 Ba6
31.d6 Qxd6 32.exf7+ Kh8 33.Bxc5  1-0

[Event "Jyvaskyla"]
[Site "Jyvaskyla"]
[Date "1987.??.??"]
[Round "?"]
[White "Ristoja, Thomas W"]
[Black "Ebeling, Mika"]
[Result "1/2-1/2"]
[WhiteElo "2215"]
[BlackElo "2275"]

1.d4 Nf6 2.Nf3 e6 3.c4 b6 4.a3 Ba6 5.e3 d5 6.Nbd2 Be7 7.Qc2 c5 8.dxc5 bxc5
9.b3 O-O 10.Bb2 Nbd7 11.Bd3 Bb7 12.O-O Qc7 13.Rac1 Rab8 14.Rfd1 h6 15.Be2 Qb6
16.Rb1 Rbc8  1/2-1/2

[Event "Lloyds Bank op"]
[Site "London"]
[Date "1987.??.??"]
[Round "7"]
[White "Hansen, Lars Bo"]
[Black "Plaskett, Jim"]
[Result "0-1"]
[WhiteElo "2355"]
[BlackElo "2475"]

1.d4 e6 2.Nf3 Nf6 3.c4 b6 4.a3 Ba6 5.Qb3 c5 6.d5 exd5 7.cxd5 Bd6 8.Nc3 O-O
9.e3 Bxf1 10.Kxf1 Re8 11.g3 a6 12.a4 Bc7 13.Kg2 d6 14.Re1 Nbd7 15.e4 Rb8
16.Qc4 Qc8 17.b4 cxb4 18.Qxb4 Nc5 19.Qc4 Bd8 20.e5 dxe5 21.Rxe5 Ncd7 22.Rxe8+ Nxe8
23.Qe2 Bf6 24.Bb2 Nd6 25.Nd1 Bxb2 26.Qxb2 Nf6 27.Qd4 Qc4 28.Qxc4 Nxc4 29.Rc1 Rc8
30.Nc3 Nd6 31.Ne5 Nxd5 32.Rd1 Nxc3 33.Rxd6 Nxa4 34.Nd7 a5 35.Nxb6 Nxb6 36.Rxb6 Ra8
37.Rb3 a4 38.Ra3 Kf8 39.Kf3 Ke7 40.Ke4 Kd6 41.Kd3 Kc5 42.Kc3 g5 43.Kb2 Kd5
44.h3 Ra6 45.Rd3+ Kc4 46.Rf3 a3+ 47.Ka2 f6 48.h4 h6 49.Re3 Kd4 50.h5 Rc6
51.Rf3 Rc2+ 52.Ka1 Ke5 53.Re3+ Kf5 54.f3 Rg2 55.g4+ Kf4 56.Rxa3 Rf2 57.Ra6 Rxf3
58.Rxf6+ Kxg4 59.Rxh6 Rh3 60.Kb2 Rxh5 61.Re6 Rh2+ 62.Kc1 Kf3 63.Rf6+ Kg3
64.Kd1 Rf2 65.Ra6 g4 66.Ke1 Kg2 67.Rg6 g3 68.Rg8 Rf5  0-1

[Event "URS-FL"]
[Site "Lvov"]
[Date "1987.??.??"]
[Round "?"]
[White "Panchenko, Alexander N"]
[Black "Bareev, Evgeny"]
[Result "1/2-1/2"]
[WhiteElo "2475"]
[BlackElo "2555"]

1.d4 Nf6 2.c4 e6 3.Nf3 b6 4.a3 Bb7 5.Nc3 d5 6.cxd5 exd5 7.g3 Be7 8.Qa4+ c6
9.Bg2 O-O 10.O-O Nbd7 11.Bf4 Nh5 12.Rad1 Nxf4 13.gxf4 Nf6 14.Ne5 Qd6 15.e3 Rfd8
16.Kh1 c5 17.dxc5 bxc5 18.Nc4 Qe6 19.Na5 Rab8 20.b4 Ba8 21.bxc5 Bxc5 22.Nb3 Bb6
23.Nd4 Qg4 24.Rc1 Qh5 25.Kg1 Re8 26.Nce2 Rbd8 27.Ng3 Qg6 28.Kh1 Ng4 29.Bf3 h5
30.Qd1 Bb7 31.Nxh5 Ba6 32.Bxg4 Bxf1 33.Nf5 d4 34.Nhxg7 dxe3 35.Qxf1 exf2
36.Nxe8 Rxe8 37.h3 Qe6 38.Kh2 Qe4 39.Rd1 Qe1 40.Ng3 Re3 41.Rc1 Qd2 42.Rc8+  1/2-1/2

[Event "URS-FL"]
[Site "Lvov"]
[Date "1987.??.??"]
[Round "?"]
[White "Janjgava, Lasha"]
[Black "Panchenko, Alexander N"]
[Result "1-0"]
[WhiteElo "2410"]
[BlackElo "2475"]

1.d4 Nf6 2.c4 e6 3.Nf3 b6 4.a3 Ba6 5.Qc2 Bb7 6.Nc3 c5 7.d5 exd5 8.cxd5 Nxd5
9.Bg5 Be7 10.Nb5 O-O 11.Nd6 Ne3 12.fxe3 Bxf3 13.exf3 Bxg5 14.Bc4 Nc6 15.f4 Bxf4
16.Nxf7 Qh4+ 17.g3 Bxg3+ 18.Kd2 Bf2 19.Kd1 d5  1-0

[Event "URS-FL"]
[Site "Lvov"]
[Date "1987.??.??"]
[Round "?"]
[White "Novikov, Igor A"]
[Black "Gavrikov, Viktor"]
[Result "0-1"]
[WhiteElo "2455"]
[BlackElo "2525"]

1.d4 Nf6 2.c4 e6 3.Nf3 b6 4.a3 Ba6 5.Qc2 Bb7 6.Nc3 c5 7.e4 cxd4 8.Nxd4 Bc5
9.Nb3 Nc6 10.Bg5 a6 11.O-O-O Qc7 12.Kb1 Be7 13.f4 Ng4 14.Bxe7 Nxe7 15.Qd2 Nf6
16.Bd3 d6 17.Rhe1 O-O-O 18.Nd4 Kb8 19.Rc1 Rc8 20.f5 Nc6 21.Nxc6+ Bxc6 22.Qg5 Nd7
23.Qxg7 Ne5 24.Bf1 Rcg8 25.Qf6 Qd8 26.Qxd8+ Rxd8 27.fxe6 fxe6 28.Be2 Rdg8
29.g3 h5 30.Red1 Nf7 31.Rf1 Ng5 32.Rf4 h4 33.gxh4 Nh3 34.Rf6 Rxh4 35.Rxe6 Nf4
36.Rxd6 Nxe2 37.Nxe2 Kb7 38.e5 Rg2 39.Nd4 Be4+ 40.Ka1 Rhxh2 41.Rf1 Bg6  0-1

[Event "URS-FL"]
[Site "Lvov"]
[Date "1987.??.??"]
[Round "?"]
[White "Vyzmanavin, Alexey"]
[Black "Janjgava, Lasha"]
[Result "1/2-1/2"]
[WhiteElo "2480"]
[BlackElo "2410"]

1.d4 Nf6 2.c4 e6 3.Nf3 b6 4.a3 Bb7 5.Nc3 d5 6.cxd5 Nxd5 7.Qc2 Be7 8.e4 Nxc3
9.bxc3 O-O 10.Bd3 c5 11.O-O Qc8 12.Qe2 Ba6 13.Bf4 cxd4 14.cxd4 Bxd3 15.Qxd3 Qa6
16.Qe3 Nd7 17.Ne5 Nxe5 18.Bxe5 Rfd8 19.Rfd1 Bd6 20.Bxd6 Rxd6  1/2-1/2

[Event "URS-FL"]
[Site "Lvov"]
[Date "1987.??.??"]
[Round "?"]
[White "Vyzmanavin, Alexey"]
[Black "Lputian, Smbat G"]
[Result "1/2-1/2"]
[WhiteElo "2480"]
[BlackElo "2540"]

1.d4 Nf6 2.c4 e6 3.Nf3 b6 4.a3 Bb7 5.Nc3 d5 6.cxd5 exd5 7.g3 Be7 8.Qa4+ c6
9.Bg2 O-O 10.O-O Nbd7 11.Bf4 Nh5 12.Rfd1 Nxf4 13.gxf4 Nf6 14.Ne5 Qd6 15.Rac1 Rfd8
16.Rc2 Qe6 17.b4 Nd7 18.Qb3 Rac8 19.Rd3 Nxe5 20.fxe5 Qg4 21.e4 dxe4 22.Nxe4 c5
23.d5 cxb4 24.h3 Qf4 25.d6 Rxc2 26.Qxc2 Bh4 27.Ng3 Bxg2 28.Kxg2 bxa3 29.d7 Bxg3
30.Rf3 Qxe5 31.Qc8 Bh4 32.Re3 Qg5+  1/2-1/2

[Event "URS-FL"]
[Site "Lvov"]
[Date "1987.??.??"]
[Round "?"]
[White "Vyzmanavin, Alexey"]
[Black "Rozentalis, Eduardas"]
[Result "0-1"]
[WhiteElo "2480"]
[BlackElo "2505"]

1.d4 Nf6 2.c4 e6 3.Nf3 b6 4.a3 c5 5.d5 Ba6 6.Qc2 Qe7 7.Bg5 exd5 8.Nc3 Bb7
9.cxd5 h6 10.Bxf6 Qxf6 11.e4 Bd6 12.Bd3 O-O 13.O-O a6 14.Rae1 Be5 15.Nxe5 Qxe5
16.Kh1 d6 17.f4 Qe7 18.e5 Nd7 19.Qe2 b5 20.Bb1 f5 21.Qh5 b4 22.Nd1 dxe5 23.fxe5 Bxd5
24.Ne3 Qf7 25.Qh3 Be6 26.Bxf5 Rae8 27.Qg3 Bxf5 28.Nxf5 Qxf5 29.Rxf5 Rxf5
30.Qb3+ Kh8 31.e6 Nf8 32.Qd3 Rf6 33.e7  0-1

[Event "Moscow-B"]
[Site "Moscow"]
[Date "1987.??.??"]
[Round "?"]
[White "Petrosian, Arshak B"]
[Black "Vyzmanavin, Alexey"]
[Result "1/2-1/2"]
[WhiteElo "2495"]
[BlackElo "2485"]

1.d4 Nf6 2.c4 e6 3.Nf3 b6 4.a3 Bb7 5.Nc3 d5 6.cxd5 Nxd5 7.Qc2 Be7 8.e4 Nxc3
9.bxc3 O-O 10.Bb2 c5 11.Bd3 Qc8 12.Qe2 Ba6 13.O-O Bxd3 14.Qxd3 Qa6 15.Qxa6 Nxa6
16.Ne5 Rfc8 17.Rac1 Rc7 18.f4 Rac8 19.Kf2 Nb8 20.Rfd1 Bd6 21.Kf3 b5 22.c4 cxd4
23.cxb5 Rxc1 24.Rxc1 Rxc1 25.Bxc1 Bxe5 26.fxe5 Nd7 27.a4 Nb6 28.a5 Nc4 29.b6 axb6
30.a6 Nxe5+ 31.Ke2 Nc6 32.Bf4 f6 33.Bb8 e5 34.a7 Nxa7 35.Bxa7 b5 36.Bc5 Kf7
37.g4 g6 38.Kf3 Ke6 39.Bb4 h5 40.gxh5 gxh5 41.h3 f5 42.Ba5 Kf6 43.Bd2 Ke6  1/2-1/2

[Event "Moscow-A"]
[Site "Moscow"]
[Date "1987.??.??"]
[Round "?"]
[White "Gurevich, Mikhail"]
[Black "Ionescu, Constantin"]
[Result "1-0"]
[WhiteElo "2540"]
[BlackElo "2520"]

1.d4 Nf6 2.c4 e6 3.Nf3 b6 4.a3 Bb7 5.Nc3 d5 6.cxd5 Nxd5 7.Qc2 c5 8.dxc5 Bxc5
9.Bg5 Be7 10.Bxe7 Qxe7 11.Nxd5 exd5 12.e3 O-O 13.Bb5 d4 14.Nxd4 Bxg2 15.Rg1 Be4
16.Nf5 Bxf5 17.Qxf5 a6 18.Bd3 g6 19.Qd5 Qd7 20.Bxg6 Qxd5 21.Be4+ Kh8 22.Bxd5 Ra7
23.Ke2 Nd7 24.Rad1 Ne5 25.Rg5 Re7 26.Bb3 f5 27.Rd6 f4 28.e4 Rfe8 29.Bd5 Rc7
30.Re6 Rxe6 31.Bxe6 Ng6 32.Kd2 Kg7 33.Rf5 Re7 34.Bd5 Rd7 35.Ke2 Rc7 36.Kd2 Rd7
37.h4 Nxh4 38.Rxf4 Ng6 39.Rg4 Kf6 40.Ke3 h5 41.Rg1 Rg7 42.f4 Nxf4 43.Rf1  1-0

[Event "New York op"]
[Site "New York"]
[Date "1987.??.??"]
[Round "?"]
[White "Wilder, Michael"]
[Black "Hansen, Curt"]
[Result "1/2-1/2"]
[WhiteElo "2485"]
[BlackElo "2540"]

1.d4 Nf6 2.c4 e6 3.Nf3 b6 4.a3 Bb7 5.Nc3 d5 6.cxd5 Nxd5 7.Qc2 c5 8.e4 Nxc3
9.bxc3 Nd7 10.Bf4 Be7 11.Bd3 O-O 12.O-O Rc8 13.Qb2 cxd4 14.cxd4 Nc5 15.dxc5 Qxd3
16.cxb6 Qxe4 17.bxa7 Ba6 18.Bb8 Bxf1 19.Rxf1 Rfd8 20.h3 Bc5 21.Ng5 Qa8 22.Qb1 g6
23.Qe4 Rxb8 24.axb8=Q Qxb8 25.Qf3  1/2-1/2

[Event "New York op"]
[Site "New York"]
[Date "1987.??.??"]
[Round "?"]
[White "Browne, Walter S"]
[Black "Christiansen, Larry Mark"]
[Result "1/2-1/2"]
[WhiteElo "2495"]
[BlackElo "2575"]

1.d4 Nf6 2.c4 e6 3.Nf3 b6 4.a3 Bb7 5.Nc3 g6 6.d5 Bg7 7.g3 Na6 8.Bg2 Nc5 9.Nd4 a5
10.Nb3 O-O 11.O-O Rb8 12.Nxc5 bxc5 13.Qa4 d6 14.Qxa5 Nd7 15.Qa4 Nb6 16.Qc2 Nxc4
17.dxe6 Bxg2 18.exf7+ Rxf7 19.Kxg2 Qd7 20.b3 Na5 21.Rb1 Qf5 22.Qxf5 gxf5
23.Nd5 c6 24.Ne3 d5 25.b4 c4 26.Nxd5 cxd5 27.Bf4 Nc6 28.Bxb8 Nxb8 29.e3 c3
30.Rbc1 Nc6 31.Rfd1 Rd7 32.Rd3 Kf7 33.f4 Ke6 34.h3 Ne7 35.Rdxc3 Bxc3 36.Rxc3 d4
37.exd4 Rxd4 38.Kf3 h5 39.Re3+ Kf6 40.b5 Nd5 41.Rb3 Nb6 42.Rc3 Nd5  1/2-1/2

[Event "New York op"]
[Site "New York"]
[Date "1987.??.??"]
[Round "?"]
[White "Wilder, Michael"]
[Black "Olafsson, Helgi"]
[Result "0-1"]
[WhiteElo "2485"]
[BlackElo "2555"]

1.d4 Nf6 2.c4 e6 3.Nf3 b6 4.a3 Bb7 5.Nc3 d5 6.cxd5 Nxd5 7.Qa4+ Nd7 8.Nxd5 Bxd5
9.Bg5 Be7 10.Bxe7 Qxe7 11.Ne5 a6 12.Nc6 Qd6 13.Rc1 O-O 14.e3 Rfc8 15.f4 Be4
16.Ne5 Nxe5 17.dxe5 Qd5 18.Rd1 Qb7 19.Kf2 b5 20.Qa5 Bd5 21.Rg1 c5 22.Be2 Qe7
23.Bf3 Rd8 24.e4 Bb3 25.Rxd8+ Rxd8 26.Re1 c4 27.g3 Qa7+ 28.Kg2 Rd3 29.f5 h6
30.fxe6 fxe6 31.Bg4 c3 32.bxc3 Kh7 33.Qb4 Bc4 34.Re2 Re3 35.Rf2 Rxe4 36.Bf3 Bf1+
37.Kxf1 Rxb4 38.cxb4 Qc7  0-1

[Event "URS-ch otbor"]
[Site "Norilsk"]
[Date "1987.??.??"]
[Round "?"]
[White "Vyzmanavin, Alexey"]
[Black "Savon, Vladimir A"]
[Result "1-0"]
[WhiteElo "2480"]
[BlackElo "2430"]

1.d4 Nf6 2.c4 e6 3.Nf3 b6 4.a3 c5 5.d5 exd5 6.cxd5 g6 7.Nc3 Bg7 8.e4 O-O
9.Bd3 d6 10.h3 Ba6 11.O-O Bxd3 12.Qxd3 a6 13.Bf4 b5 14.Rfe1 Ra7 15.Rad1 b4
16.axb4 cxb4 17.Na4 Re8 18.e5 dxe5 19.Nxe5 Nh5 20.Be3 Rae7 21.Nc4 Re4 22.Nc5 Rh4
23.d6 Nf4 24.Bxf4 Rxf4 25.d7 Nxd7 26.Qxd7 Qxd7 27.Nxd7 Rxe1+ 28.Rxe1 Bd4
29.Re8+ Kg7 30.Re2 Bxf2+ 31.Rxf2 Rxc4 32.Rxf7+ Kxf7 33.Ne5+ Ke6 34.Nxc4 Kd5
35.b3 Ke4 36.Kf2 h5 37.h4 Kf4 38.g3+ Ke4 39.Ke2  1-0

[Event "URS-ch otbor"]
[Site "Norilsk"]
[Date "1987.??.??"]
[Round "?"]
[White "Vyzmanavin, Alexey"]
[Black "Kuzmin, Gennadi P"]
[Result "1/2-1/2"]
[WhiteElo "2480"]
[BlackElo "2470"]

1.d4 Nf6 2.c4 e6 3.Nf3 b6 4.a3 Bb7 5.Nc3 d5 6.cxd5 exd5 7.g3 Be7 8.Qa4+ c6
9.Bg2 O-O 10.O-O Ne4 11.Bf4 Nxc3 12.bxc3 b5 13.Qc2 Nd7 14.e4 Nb6 15.e5 Bc8
16.h4 Qd7 17.Ng5 Bxg5 18.hxg5 Qf5 19.Qe2 Bd7 20.f3 Rae8 21.Bc1 f6 22.gxf6 gxf6
23.Bh6 Rf7 24.Rae1 Qg6 25.Bf4 Nc4 26.Qf2 Rfe7 27.exf6 Qxf6 28.Rxe7 Rxe7 29.Ra1 Rg7
30.Re1 Re7 31.Ra1  1/2-1/2